000 00837nam0a22002771 4500
001 v19\rc\1552458
005 20250618184356.0
035 _a(NLR Aleph) 004667022
090 _a3627153
_c3627153
100 _a20060620d1890 |||y0rusy50 ca
101 0 _arus
_afre
102 _aRU
105 _aa j |||e|
200 1 _aФранцузская азбука
_eУроки чтения и письма
_fС. Арсеньева
205 _a2-е изд.
210 _aМосква
_cтип. Э. Лисснера и Ю. Романа
_d1890
215 _aIV, 82 с., 2 л. табл.
_d27
700 1 _aАрсеньева
_bС.
801 0 _aRU
_bNLR
_gpsbo
801 0 _aRU
_bRuMoRGB
_2psbo
801 1 _aRU
_bProSoft-M
_2rusmarc
852 _aNLR
_j18.222.1.159
899 _aRuMoRGB
_jA 202/404
899 _aБАН
942 _cBOOK
980 _aNB